000 00350cam a2200145ua 4500
041 _aeng
_h
082 _a823.301
_bSLA/TO
100 _aSladkov, N .
245 _aTopsy-turvy planet /
_cN.Sladkov.
_hTextual Documents
260 _aMoscow :
_bProgress Publishers ,
_c1965.
300 _a164 ; .
504 _a
942 _cBK
999 _c7817
_d7817